000 00972nam0a22003011 4500
001 rc\4893411
005 20250613031941.0
021 _aRU
_b[60-21591]
035 _a(NLR Aleph) 008924052
090 _a8842539
_c8842539
100 _a20130426d1960 |||y0rusy50 ca
101 0 _arus
102 _aRU
105 _aa z |||||
200 1 _aВероятность и информация
205 _a2-е изд., перераб. и доп.
210 _aМосква
_cФизматгиз
_d1960
215 _a315 с.
_cчерт.
_d20
320 _aБиблиогр.: с. 309-312 (54 назв.)
606 _aИнформаций, теория
_2psbo
606 _aТеория вероятностей
_2psbo
700 1 _aЯглом
_bА.М.
_f1921-
_gАкива Моисеевич
701 1 _aЯглом
_bИ.М.
_gИсаак Моисеевич
801 0 _aRU
_bNLR
_gpsbo
801 1 _aRU
_bELAR
_2rusmarc
852 _aNLR
_j60-3/1406
942 _cBOOK
980 _aNB